Countries With The Lowest Unemployed Rate - Statistics

General Stats
  • This quiz has been taken 36 times
  • The average score is 10 of 24
Answer Stats
Percentage Country % Correct
2.6 Japan
76%
2.1 Singapore
73%
2 Monaco
61%
1.5 Liechtenstein
58%
2.7 North Korea
58%
1.3 Laos
55%
2.46 Vietnam
55%
0.6 Cambodia
52%
1.53 Thailand
52%
0.3 Qatar
48%
2.8 Cuba
45%
1.9 Bahrain
42%
2.4 Czech Republic
36%
2.7 Poland
36%
2.2 Myanmar
33%
0.8 Niger
33%
2.8 Papua New Guinea
27%
1.9 Chad
24%
2.6 Madagascar
24%
1.6 Benin
18%
2.2 Vanuatu
18%
1.8 Burundi
15%
2.6 Tanzania
15%
1.7 Paulu
0%
No matching quizzes found
Score Distribution
Percent of People with Each Score
Percentile by Number Answered
Your Score History
You have not taken this quiz